Quick Pick: Starks or Baratheons or Lannisters? Quiz Stats

 Plays Quiz not verified by Sporcle

Score 0/20 Timer 01:00
0 Plays Today
% Correct
Stark
99%
Stark
98.5%
Stark
98.5%
Lannister
98.5%
Stark
98.1%
Stark
98.1%
Stark
97.9%
Lannister
97.5%
Lannister
97.5%
Baratheon
97.5%
% Correct
Stark
97.3%
Baratheon
97.3%
Baratheon
97.1%
Stark
97%
Lannister
96.8%
Baratheon
96%
Baratheon
95.6%
Lannister
95.4%
Baratheon
92.8%
Baratheon
92.8%

You're not logged in!

Compare scores with friends on all Sporcle quizzes.
OR
Log In

Show Comments

Extras

Top Quizzes Today


Score Distribution

Your Account Isn't Verified!

In order to create a playlist on Sporcle, you need to verify the email address you used during registration. Go to your Sporcle Settings to finish the process.

Report this User

Report this user for behavior that violates our Community Guidelines.

Details: